[Event "St Petersburg Korchnoi Memorial op"]
[Site "St Petersburg"]
[Date "2024.08.22"]
[Round "9"]
[White "Bashilov, Vyacheslav Pav"]
[Black "Batyrev, Kirill"]
[Result "0-1"]
[WhiteElo "1636"]
[BlackElo "1817"]
[PlyCount "80"]
[EventDate "2024.08.17"]
[EventType "swiss"]
[EventRounds "9"]
[EventCountry "RUS"]
[SourceTitle "EXT 2025"]
[Source "ChessBase"]
[SourceDate "2024.10.14"]
[SourceVersion "1"]
[SourceVersionDate "2024.10.14"]
[SourceQuality "1"]

1. Nf3 Nf6 2. c4 e6 3. g3 b6 4. Bg2 Bb7 5. Nc3 Be7 6. 0-0 0-0 7. Re1 d5 8. cxd5 Nxd5 9. d4 Nxc3 10. bxc3 Be4 11. Bf4 Nd7 12. Nd2 Bxg2 13. Kxg2 c5 14. e4 cxd4 15. cxd4 Nf6 16. Nf3 Qd7 17. Ne5 Qb7 18. Qf3 Bb4 19. Re2 Rfd8 20. Rd1 Rac8 21. Rd3 Bd6 22. g4 Bxe5 23. Bxe5 Nd7 24. Bd6 Nf6 25. Ba3 Rc4 26. Bb2 Nd7 27. g5 Nf8 28. Qg3 Qc6 29. Rf3 Ng6 30. Ree3 e5 31. d5 Nf4+ 32. Rxf4 exf4 33. Qxf4 Qxd5 34. exd5 Rxf4 35. d6 f6 36. gxf6 gxf6 37. Re6 Rd7 38. Kg3 Rf5 39. Kg4 Rxf2 40. Bxf6 Kf7 0-1

[Event "St Petersburg Korchnoi Memorial op"]
[Site "St Petersburg"]
[Date "2024.08.20"]
[Round "7"]
[White "Bashilov, Vyacheslav Pav"]
[Black "Makhina, Viktoria"]
[Result "0-1"]
[WhiteElo "1636"]
[BlackElo "1829"]
[PlyCount "116"]
[EventDate "2024.08.17"]
[EventType "swiss"]
[EventRounds "9"]
[EventCountry "RUS"]
[SourceTitle "EXT 2025"]
[Source "ChessBase"]
[SourceDate "2024.10.14"]
[SourceVersion "1"]
[SourceVersionDate "2024.10.14"]
[SourceQuality "1"]

1. Nf3 Nc6 2. c4 e5 3. Nc3 Nf6 4. g3 d5 5. cxd5 Nxd5 6. Bg2 Nb6 7. 0-0 Be7 8. d3 0-0 9. a3 Be6 10. b4 a5 11. b5 Nd4 12. Rb1 f6 13. Nd2 c6 14. bxc6 Nxc6 15. Na4 Nxa4 16. Qxa4 Nd4 17. Qd1 Rb8 18. Rxb7 Rxb7 19. Bxb7 Qb6 20. Bg2 Rc8 21. Nc4 Qb1 22. Qd2 Nb3 23. Qb2 Qxb2 24. Bxb2 Kf8 25. Bb7 Rb8 26. Bc6 Bxc4 27. dxc4 Nd2 28. Bb5 Nxf1 29. Kxf1 Bc5 30. f4 exf4 31. gxf4 Be3 32. Bc3 Bb6 33. e4 Ke7 34. a4 Rg8 35. c5 Bxc5 36. Bxa5 Bd6 37. Bd2 g5 38. fxg5 fxg5 39. Kg2 h6 40. Be3 Rc8 41. h3 Rc2+ 42. Kf3 Bc5 43. Bxc5+ Rxc5 44. Kg4 Kf6 45. Ba6 Kg6 46. Bb7 h5+ 47. Kg3 Rc3+ 48. Kg2 Kf6 49. a5 Re3 50. a6 Ke5 51. Kf2 Kf4 52. Kg2 Ra3 53. Kf1 g4 54. hxg4 hxg4 55. Kg1 Kg3 56. Kf1 Kh2 57. e5 g3 58. e6 Rxa6 0-1

[Event "St Petersburg Korchnoi Memorial op"]
[Site "St Petersburg"]
[Date "2024.08.18"]
[Round "3"]
[White "Bashilov, Vyacheslav Pav"]
[Black "Grigorov, Vladislav"]
[Result "1-0"]
[WhiteElo "1636"]
[BlackElo "1499"]
[PlyCount "99"]
[EventDate "2024.08.17"]
[EventType "swiss"]
[EventRounds "9"]
[EventCountry "RUS"]
[SourceTitle "CBM 221 Extra"]
[Source "ChessBase"]
[SourceDate "2024.09.30"]
[SourceVersion "1"]
[SourceVersionDate "2024.09.30"]
[SourceQuality "1"]

1. Nf3 Nf6 2. c4 Nc6 3. d4 d5 4. Nc3 e6 5. cxd5 exd5 6. g3 Be7 7. Bg2 0-0 8. 0-0 Re8 9. Ne5 Bb4 10. f4 Bxc3 11. bxc3 Bf5 12. Ba3 Ng4 13. e4 Ngxe5 14. fxe5 Bxe4 15. Bxe4 dxe4 16. Qb3 Qd7 17. Qxb7 Rab8 18. Qa6 Rb6 19. Qe2 Qd5 20. Bc5 Rb7 21. c4 Qe6 22. Qxe4 Na5 23. Qd5 Qxd5 24. cxd5 Rbb8 25. Rab1 Rbd8 26. Rb5 Nc4 27. Bxa7 Ne3 28. Rc1 Nxd5 29. Rcc5 Ra8 30. Ra5 Nb6 31. Bxb6 cxb6 32. Rxa8 Rxa8 33. Rc2 Kf8 34. Kf2 Ra4 35. Ke3 Ke7 36. Rb2 f5 37. Rxb6 Rxa2 38. d5 Ra4 39. Rb7+ Kf8 40. e6 Re4+ 41. Kd3 Re5 42. Kd4 Re2 43. Rf7+ Ke8 44. Rxg7 Rxh2 45. Ke5 Rh5 46. Kd6 Kf8 47. Ra7 Rh6 48. Ra8+ Kg7 49. Ke5 Rg6 50. e7 1-0